| 000 | 01211nam a22001817a 4500 | ||
|---|---|---|---|
| 999 |
_c63443 _d63443 |
||
| 003 | Ge_BSU | ||
| 005 | 20251010143332.0 | ||
| 008 | 251010s1981 ge ||||| |||| 00| 0 geo d | ||
| 041 | _ageo | ||
| 080 | _a338(479.223) ა-97 | ||
| 245 |
_aაჭარის ასსრ სახალხო მეურნეობის ზოგიერთი დარგის განვითარების სოციალ-ეკონომიკური პრობლემები : _bნაწ. 1 / _cრედ. კ. ღლონტი; საქ. სსრ მეცნ. აკად., ბათუმის სამეცნ-კვლევ. ინ-ტი. |
||
| 264 |
_aთბილისი : _bმეცნიერება, _c1981. |
||
| 300 |
_a98გვ.; _b22 სმ. |
||
| 520 | _aსტატიების ბოლოს რეზ. რუს. | ||
| 700 |
_aღლონტი, კ. _eრედაქტორი _926009 |
||
| 710 |
_aსაქართველოს სსრ მეცნიერებათა აკადემია _bბათუმის სამეცნიერო-კვლევითი ინსტიტუტი. _914533 |
||
| 942 |
_2udc _cᲬᲘᲒᲜᲘ |
||